Badly Drawn Fruits Quiz Stats

 Plays Quiz Updated Oct 20, 2017

Also try: Badly Drawn Stuff
Challenge
Share
Tweet
Score 0/15 Timer 03:00
0 Plays Today
% Correct
Banana
99.9%
Apple
99.4%
Strawberry
98.3%
Pumpkin
98.3%
Tomato
98.1%
Lemon
97.9%
Cherry
97.9%
Pineapple
97.4%
% Correct
Corn
97%
Eggplant
96.3%
Pear
96%
Grapes
95.9%
Orange
95.7%
Watermelon
91.2%
Peach
84.8%

You're not logged in!

Compare scores with friends on all Sporcle quizzes.
OR
Log In

You Might Also Like...

Show Comments

Extras

Top Quizzes Today


Score Distribution

Your Account Isn't Verified!

In order to create a playlist on Sporcle, you need to verify the email address you used during registration. Go to your Sporcle Settings to finish the process.

Report this User

Report this user for behavior that violates our Community Guidelines.

Details: